000 00578nam a22001937a 4500
008 151022b xxu||||| |||| 00| 0 eng d
020 _a0808009605
041 0 _aeng
080 _a336.28
245 0 0 _aCCH federal taxation.
246 1 0 _aFederal taxation.
246 1 0 _aComprehensive topics
260 _aChicago, Ill. :
_bCommerce Clearing House, Inc.,
_c1993.
300 _a1. various pagings .:
_c28 cm.
650 0 _aKontabilitet
_xLigji dhe legjislacioni
_zShtetet e Bashkuara të Amerikës
650 0 _aTaksa
710 2 _aCommerce Clearing House.
942 _2udc
_cBK
999 _c1334
_d1334